Theories of education : studies of significant innovation in Western educational thought
Αποθηκεύτηκε σε:
| Κύριος συγγραφέας: | |
|---|---|
| Άλλοι συγγραφείς: | |
| Μορφή: | Βιβλίο |
| Γλώσσα: | English |
| Δημοσίευση: |
Brisbane :
John Wiley & Sons,
1987
|
| Έκδοση: | 2nd ed. |
| Θέματα: | |
| Ετικέτες: |
Προσθήκη ετικέτας
Δεν υπάρχουν, Καταχωρήστε ετικέτα πρώτοι!
|
MARC
| LEADER | 00000nam a2200000 i 4500 | ||
|---|---|---|---|
| 001 | 1/78690 | ||
| 008 | 990430s1987 eng d | ||
| 020 | |a 0-471-33420-0 | ||
| 035 | |l 10050210 | ||
| 040 | |a GR-MY-UA |b gre |e aacr | ||
| 041 | 0 | |a eng | |
| 082 | 0 | |a 370.1 | |
| 100 | 1 | |a Bowen, James |d 1928- | |
| 245 | 1 | 0 | |a Theories of education : |b studies of significant innovation in Western educational thought / |c James Bowen, Peter R. Hobson |
| 250 | |a 2nd ed. | ||
| 260 | |a Brisbane : |b John Wiley & Sons, |c 1987 | ||
| 300 | |a 478 p. | ||
| 650 | 0 | 0 | |a Education |x Philosophy. |
| 650 | 0 | 0 | |a Education. |
| 700 | 1 | |a Hobson, Peter R. | |
| 852 | |a INST |b RHODES |e 19990430 |h 370.1 BOW |p 005400015413 |q 005400015413 |t BK |y 0 | ||
| 901 | |a BIBL-1999-1 | ||
| 909 | |a Ρ |b 064850 |c 1999 | ||
| 922 | |a 4ΕΛΗ |b 199903 |d LEADER | ||